|
|
|
|
| LEADER |
00000nab a2200000 a 4500 |
| 001 |
vtls000923509 |
| 003 |
SK-MaSNL |
| 005 |
20260303213735.0 |
| 008 |
040720e19980314xo 0 slo |
| 035 |
|
|
|a KE32386
|
| 040 |
|
|
|a KEVKJB
|b slo
|c KEVKJB
|e AACR2
|
| 041 |
0 |
|
|a slo
|
| 044 |
|
|
|a xo
|c SK
|
| 080 |
|
|
|a 82
|2 1981
|
| 080 |
|
|
|a 885.4:929
|2 1981
|
| 100 |
1 |
|
|a Urban, Jozef
|4 aut
|9 333447
|
| 245 |
1 |
0 |
|a Dnes sa cíti viac textárom ako básnikom
|b Spýtali sme sa básnika a textára Jozefa Urbana
|
| 590 |
|
|
|a Urban, Jozef 1964-1999
|b básnik, textár, 29.11.1964-28.4.1999
|
| 600 |
1 |
7 |
|a Urban, Jozef,
|d 1964-1999
|2 KEVKJB
|9 101881
|
| 650 |
0 |
7 |
|a literárna tvorba
|2 KEVKJB
|9 4226
|
| 650 |
0 |
7 |
|a osobnosti
|2 KEVKJB
|9 29820
|
| 650 |
0 |
7 |
|a rozhovory
|2 KEVKJB
|9 453585
|
| 651 |
|
7 |
|a Košice (Slovensko)
|2 KEVKJB
|9 18694
|
| 651 |
|
7 |
|a KE,
|2 KEVKJB
|9 877256
|
| 655 |
|
7 |
|a periodikum
|2 snkbucl
|9 29553
|
| 773 |
0 |
8 |
|t Sme
|g Roč. 6, č.61, 14.3.1998
|
| 773 |
0 |
8 |
|i Príl.:
|t Sme na východe.- Roč. 3, č. 40 (1998), s. 3
|
| 852 |
|
|
|a ZVYKNI
|b KIS3GCP
|
| 999 |
|
|
|c 2213636
|d 2215566
|